The Cambridge introduction to Jane Austen / (Record no. 7116)

MARC details
000 -LEADER
fixed length control field 01399nac a22003611u 4500
003 - CONTROL NUMBER IDENTIFIER
control field EG-ScBUE
005 - DATE AND TIME OF LATEST TRANSACTION
control field 20220123111827.0
008 - FIXED-LENGTH DATA ELEMENTS--GENERAL INFORMATION
fixed length control field 200219s2006 enka f b 001 0deng d
020 ## - INTERNATIONAL STANDARD BOOK NUMBER
International Standard Book Number 9780521674690 (pbk.)
020 ## - INTERNATIONAL STANDARD BOOK NUMBER
International Standard Book Number 0521674697 (pbk.)
035 ## - SYSTEM CONTROL NUMBER
System control number (OCoLC)ocm71778144
035 ## - SYSTEM CONTROL NUMBER
System control number (OCoLC)71778144
040 ## - CATALOGING SOURCE
Original cataloging agency EG-ScBUE
Language of cataloging eng
Description conventions rda
Transcribing agency EG-ScBUE
Modifying agency EG-ScBUE
082 04 - DEWEY DECIMAL CLASSIFICATION NUMBER
Classification number 823.7
Item number TOD
Edition number 22
100 1# - MAIN ENTRY--PERSONAL NAME
Personal name Todd, Janet,‏
Dates associated with a name 1942-
Relator term author.
245 14 - TITLE STATEMENT
Title The Cambridge introduction to Jane Austen /
Statement of responsibility, etc Janet Todd.
264 #1 - PUBLICATION, DISTRIBUTION, ETC. (IMPRINT)
Place of publication, distribution, etc Cambridge :
Name of publisher, distributor, etc Cambridge University Press,
Date of publication, distribution, etc 2006.
300 ## - PHYSICAL DESCRIPTION
Extent xi, 152 pages :
Other physical details illustrations ;
Dimensions 23 cm
336 ## - CONTENT TYPE
Source rdacontent
Content type term text
Content type code txt
337 ## - MEDIA TYPE
Source rdamedia
Media type term unmediated
Media type code n
338 ## - CARRIER TYPE
Source rdacarrier
Carrier type term volume
Carrier type code nc
500 ## - GENERAL NOTE
General note distributed by: Al-Ahram
504 ## - BIBLIOGRAPHY, ETC. NOTE
Bibliography, etc Includes bibliographic references and index.
600 17 - SUBJECT ADDED ENTRY--PERSONAL NAME
Personal name Austen, Jane,
Dates associated with a name 1775-1817,
General subdivision Criticism and interpretation.
Source of heading or term BUEsh
650 ## - SUBJECT ADDED ENTRY--TOPICAL TERM
Source of heading or term BUEsh
651 ## - SUBJECT ADDED ENTRY--GEOGRAPHIC NAME
Source of heading or term BUEsh
653 ## - INDEX TERM--UNCONTROLLED
Resource For college Humanities: English
Arrived date list January2021
655 ## - INDEX TERM--GENRE/FORM
Form subdivision Reading book
9 (RLIN) 34232
856 42 - ELECTRONIC LOCATION AND ACCESS
Materials specified Publisher description
Uniform Resource Identifier <a href="http://www.loc.gov/catdir/enhancements/fy0703/2006299529-d.html">http://www.loc.gov/catdir/enhancements/fy0703/2006299529-d.html</a>
856 42 - ELECTRONIC LOCATION AND ACCESS
Materials specified Table of contents only
Uniform Resource Identifier <a href="http://www.loc.gov/catdir/enhancements/fy0703/2006299529-t.html">http://www.loc.gov/catdir/enhancements/fy0703/2006299529-t.html</a>
856 42 - ELECTRONIC LOCATION AND ACCESS
Materials specified Contributor biographical information
Uniform Resource Identifier <a href="http://www.loc.gov/catdir/enhancements/fy0733/2006299529-b.html">http://www.loc.gov/catdir/enhancements/fy0733/2006299529-b.html</a>
942 ## - ADDED ENTRY ELEMENTS (KOHA)
Koha item type Book - Borrowing
Source of classification or shelving scheme Dewey Decimal Classification
Holdings
Withdrawn status Lost status Damaged status Not for loan Home library Current library Shelving location Date acquired Source of acquisition Total Checkouts Full call number Barcode Date last seen Date checked out Price effective from Koha item type
        Central Library Central Library Second Floor 03/01/2008 Purchase 1 823.7TOD 000008325 15/07/2025 25/08/2009 03/01/2008 Book - Borrowing